Normal view
MARC view
Entry Personal Name
001 - CONTROL NUMBER
- control field: 10745
003 - CONTROL NUMBER IDENTIFIER
- control field: BD-RjUL
005 - DATE AND TIME OF LATEST TRANSACTION
- control field: 20231227125938.0
008 - FIXED-LENGTH DATA ELEMENTS
- fixed length control field: 231227|| aca||aabn | a|a d
040 ## - CATALOGING SOURCE
- Original cataloging agency: BD-RjUL
- Transcribing agency: BD-RjUL
100 ## - HEADING--PERSONAL NAME
- Personal name: Loofbourow, John
670 ## - SOURCE DATA FOUND
- Source citation: Work cat.: (BD-RjUL)82558: Loofbourow, John, Thackeray and the form of fiction./, 1964.